U.S. States with Most Development - Statistics

General Stats
  • This quiz has been taken 30 times
  • The average score is 8 of 10
Answer Stats
Acres Developed (millions) State % Correct
2.786 Florida
100%
2.189 California
96%
4.245 Texas
96%
2.503 Georgia
88%
2.557 North Carolina
88%
1.506 Tennessee
85%
1.376 Ohio
73%
1.396 Virginia
73%
1.413 Michigan
69%
1.720 Pennsylvania
65%
No matching quizzes found
Score Distribution
Percent of People with Each Score
Percentile by Number Answered
Your Score History
You have not taken this quiz